00303nam a2200121Ia 4500008004100000020001500041041001200056100001800068245004900086260002800135300000800163650001000171221030s9999 xx 000 0 und d a9350145715 aEnglish aN. R. Chandak 0aDesign of Steel Structurescby N. R. Chandak bKatsonaNew Delhic2016 a455 aCivil